| 000 | 01266nmc a2200409 a 4500 | ||
|---|---|---|---|
| 003 | AR-BaBNM | ||
| 005 | 20251128204336.0 | ||
| 008 | 011101s1990 ||||||||||||||000 | spa|| | ||
| 020 | _a84-7046-073-0 | ||
| 040 | _cAR-BaBNM | ||
| 100 | 1 | _aKlingebiel, Pierre | |
| 245 | 1 | 0 |
_aEl niño zurdo _binfancia y adolescencia, diagnóstico y tratamiento |
| 260 |
_aMadrid _bCincel _c1990 |
||
| 300 | 0 |
_a181 p. _bil., gráfs. |
|
| 490 | 0 | _aBiblioteca de psicología y educación. Aprendizaje y reeducación | |
| 500 | 0 | _aLista de títulos de la colección | |
| 504 | _aContiene bibliografía en francés | ||
| 504 | _aBibliografía en castellano | ||
| 650 | 4 | _aPRUEBAS PSICOLOGICAS | |
| 650 | 4 | _aZURDERA | |
| 650 | 4 | _aADAPTACION DEL ALUMNO | |
| 650 | 4 | _aPROBLEMAS DE ADAPTACION | |
| 650 | 4 | _aEDUCACION ESPECIAL | |
| 650 | 4 | _aPSICOLOGIA DE LA EDUCACION | |
| 650 | 4 | _aTESTS PARA NINOS | |
| 650 | 4 | _aPAPEL DE LOS PADRES | |
| 650 | 4 | _aROL DEL DOCENTE | |
| 650 | 4 | _aCOORDINACION SENSOMOTRIZ | |
| 650 | 4 | _aPSICOLOGIA EVOLUTIVA | |
| 650 | 4 | _aDIFICULTADES EN EL APRENDIZAJE | |
| 650 | 4 | _aPSICODIAGNOSTICO | |
| 653 | 0 | _aORIENTACION EDUCATIVA | |
| 700 | 1 |
_aFauré, Henry _eprologuista |
|
| 700 | 0 |
_aDiorki _etraductor |
|
| 942 | _cBK | ||
| 998 | _cMARTIN | ||
| 999 |
_c7090 _d7090 |
||